000 00266nam a22001217a 4500
020 _a0-00-433070-2
082 _a423 NEW'C
100 _aCOLLINS
_975526
245 _aTHE NEW NATIOANL DICTIONARY
260 _aLONDON
_bCOLLINS
_c1966
300 _a576P
942 _cBK
999 _c581487
_d581487